More evaluating training programs (Record no. 51685)

MARC details
000 -LEADER
fixed length control field 00568nam a2200133 a 4500
008 - FIXED-LENGTH DATA ELEMENTS--GENERAL INFORMATION
fixed length control field 120416s1987 ||||||||||||||||| || u
050 ## - LIBRARY OF CONGRESS CALL NUMBER
Classification number HF 5549.5.J6 Mor
245 10 - TITLE STATEMENT
Title More evaluating training programs
246 ## - VARYING FORM OF TITLE
Title proper/short title a collection of articles from Training and Development Journal
260 ## - PUBLICATION, DISTRIBUTION, ETC.
Place of publication, distribution, etc. Alexandria, VA.
Name of publisher, distributor, etc. American Society for Training and Develo
Date of publication, distribution, etc. 1987
300 ## - PHYSICAL DESCRIPTION
Extent iv, 279p. : ill
350 ## - PRICE (NR) (BK AM CF MU VM SE) [OBSOLETE]
Price 0.00
995 ## - RECOMMENDATION 995 [LOCAL, UNIMARC FRANCE]
-- 0.00
-- CBU-MAIN LIBRARY (Kitwe)
-- 1
-- 25.00
-- AVAILABLE
-- Main Library Open Access Collection
Holdings
Withdrawn status Lost status Source of classification or shelving scheme Damaged status Not for loan Home library Current library Shelving location Date acquired Total Checkouts Full call number Barcode Date last seen Price effective from Koha item type
          CBU-MAIN LIBRARY, KITWE. CBU-MAIN LIBRARY, KITWE.   11/30/2022   HF 5549.5.J6 Mor 006026 11/30/2022 11/30/2022 MONOGRAPH